[Event "ODEM U25 2010"]
[Site "Oberhof GER"]
[Date "2010.05.25"]
[Round "4"]
[White "Geldner, Gerrit"]
[Black "Dohmann, Dorothea"]
[Result "1/2-1/2"]
[Termination "normal"]
[Board "30"]
[WhiteElo "1594"]
[BlackElo "1844"]
[PlyCount "125"]
[WhiteFideId "24678929"]
[BlackFideId "12915459"]
[EventCountry "GER"]
[EventRounds "9"]
[EventType "swiss"]
[EventDate "2010.05.22"]

1. f4 d5 2. e3 Nf6 3. Nf3 Bf5 4. b3 g6 5. Bb2 Bg7 6. Na3 O-O 7. c4 e6 8. Be2 a6
9. O-O c6 10. Ne5 Qd6 11. g4 Nxg4 12. Bxg4 Bxg4 13. Qxg4 Nd7 14. d4 Nf6 15. Qe2
c5 16. Nc2 Rfd8 17. Rfd1 Ne4 18. Rac1 f6 19. Nf3 cxd4 20. Ncxd4 e5 21. fxe5
fxe5 22. Nc2 Qe6 23. cxd5 Rxd5 24. Rxd5 Qxd5 25. Rd1 Qe6 26. Qc4 Qxc4 27. bxc4
Rc8 28. Na3 Bh6 29. Rd3 Nc5 30. Rd1 Bxe3+ 31. Kg2 e4 32. Ne5 Rf8 33. Rf1 Bf4
34. Bd4 Nd3 35. Nxd3 exd3 36. Nb1 d2 37. Rd1 Re8 38. Kf2 Bxh2 39. Nxd2 Rd8 40.
Nf3 Bf4 41. Re1 Kf7 42. Ne5+ Bxe5 43. Bxe5 Rd2+ 44. Ke3 Rxa2 45. Rb1 Ke6 46.
Bd4 b5 47. cxb5 axb5 48. Rxb5 Rg2 49. Kf3 Rh2 50. Kg3 Rd2 51. Be3 Rd3 52. Kf2
h5 53. Rb6+ Kf5 54. Rb5+ Ke4 55. Rb4+ Ke5 56. Rb5+ Rd5 57. Rxd5+ Kxd5 58. Kg3
Ke4 59. Bg5 Ke5 60. Kh4 Kf5 61. Bc1 Ke4 62. Bd2 Kf3 63. Bg5 1/2-1/2

[Event "ODEM U25 2010"]
[Site "Oberhof GER"]
[Date "2010.05.25"]
[Round "4"]
[White "Hefner, Felix"]
[Black "Eggert, André"]
[Result "1-0"]
[Termination "normal"]
[Board "31"]
[WhiteElo "1597"]
[BlackElo "1300"]
[PlyCount "129"]
[WhiteFideId "12910651"]
[BlackFideId "1270464"]
[EventCountry "GER"]
[EventRounds "9"]
[EventType "swiss"]
[EventDate "2010.05.22"]

1. c4 c5 2. Nc3 Nc6 3. e3 g6 4. Nf3 Bg7 5. d4 cxd4 6. exd4 e6 7. Be2 Nge7 8.
O-O O-O 9. Re1 d5 10. c5 Nf5 11. Bg5 Qc7 12. Nb5 Qd7 13. Be3 a6 14. Nc3 Re8 15.
Na4 Ra7 16. Nb6 Nxe3 17. fxe3 Qc7 18. a3 Bd7 19. b4 Ne7 20. Nxd7 Qxd7 21. Qb3
Rc8 22. b5 Raa8 23. Rf1 Nf5 24. a4 Qd8 25. Nd2 Bh6 26. Rf3 Nxd4 27. exd4 Bxd2
28. Raf1 Rc7 29. b6 Re7 30. c6 bxc6 31. b7 Rb8 32. Rb1 Qc7 33. Qc2 Bh6 34. Rfb3
e5 35. Rb6 Re6 36. Bxa6 exd4 37. R6b2 Qa5 38. Bf1 Qa7 39. Kh1 Qa5 40. Qb3 Re3
41. Qd1 Qc5 42. Ra2 Qa7 43. Rab2 Bg7 44. Rb6 Re7 45. Qb3 Qa5 46. Qb4 Qxb4 47.
R6xb4 Re3 48. R4b3 Kf8 49. a5 Ree8 50. a6 Be5 51. a7 Rbd8 52. a8=Q Rxa8 53.
bxa8=Q Rxa8 54. Rc1 Rc8 55. g3 c5 56. Rb5 Bd6 57. Bg2 Be7 58. Bxd5 Kg7 59. Rb7
Kf8 60. Re1 Re8 61. Bc6 Rd8 62. Rbxe7 Kg7 63. Bb5 d3 64. Rd1 d2 65. Rd7 1-0

[Event "ODEM U25 2010"]
[Site "Oberhof GER"]
[Date "2010.05.25"]
[Round "4"]
[White "Jorczik, Andreas Carlos"]
[Black "Heinz, Maria"]
[Result "1-0"]
[Termination "normal"]
[Board "32"]
[WhiteElo "1779"]
[BlackElo "1203"]
[PlyCount "55"]
[WhiteFideId "24634921"]
[EventCountry "GER"]
[EventRounds "9"]
[EventType "swiss"]
[EventDate "2010.05.22"]

1. d4 Nf6 2. c4 e6 3. Nc3 c5 4. d5 d6 5. e4 exd5 6. cxd5 Be7 7. f4 Nbd7 8. Nf3
Nb6 9. a4 Bg4 10. Be2 O-O 11. O-O Re8 12. h3 Bxf3 13. Bxf3 Bf8 14. Re1 a6 15.
e5 dxe5 16. fxe5 Nfd7 17. Bf4 Nc4 18. e6 fxe6 19. dxe6 Nf6 20. Nd5 Bd6 21.
Nxf6+ gxf6 22. Bd5 Qe7 23. Bxc4 Bxf4 24. Qg4+ Bg5 25. h4 Rab8 26. hxg5 fxg5 27.
Re5 h6 28. Qh5 1-0

[Event "ODEM U25 2010"]
[Site "Oberhof GER"]
[Date "2010.05.25"]
[Round "4"]
[White "Bischoff, Nico"]
[Black "Schirra, Felix"]
[Result "1-0"]
[Termination "normal"]
[Board "33"]
[WhiteElo "1518"]
[BlackElo "1599"]
[PlyCount "103"]
[WhiteFideId "24661007"]
[BlackFideId "24692662"]
[EventCountry "GER"]
[EventRounds "9"]
[EventType "swiss"]
[EventDate "2010.05.22"]

1. e4 e6 2. d4 d5 3. Nc3 Nf6 4. Bg5 Be7 5. e5 Nfd7 6. h4 O-O 7. Qg4 Re8 8. Bd3
f5 9. Qg3 c5 10. Bh6 Bf8 11. Nf3 cxd4 12. Nxd4 Qc7 13. Bf4 Qb6 14. Nb3 a6 15.
O-O-O Kh8 16. Bxf5 exf5 17. Nxd5 Qc6 18. e6 Rxe6 19. Nc7 Re2 20. Nd4 Rxc2+ 21.
Nxc2 Ra7 22. Kb1 Nf6 23. Rd8 Nbd7 24. Rxc8 b5 25. Be5 Nxe5 26. Rxf8+ Ng8 27.
Qxe5 Rxc7 28. Ka1 a5 29. Qe8 Qxe8 30. Rxe8 Rxc2 31. Re5 Rxf2 32. Rxb5 a4 33. g3
g6 34. Rg1 Nf6 35. Ra5 Ne4 36. Rxa4 Nxg3 37. Ra7 f4 38. Rc1 Rf1 39. Rxf1 Nxf1
40. Rf7 Ne3 41. Rxf4 Kg7 42. a4 Nd5 43. Rd4 Ne3 44. Kb1 Nf5 45. Rb4 h6 46. a5
g5 47. hxg5 hxg5 48. a6 Ne3 49. a7 Nd5 50. a8=Q Nxb4 51. Qb7+ Kh6 52. Qxb4 1-0

[Event "ODEM U25 2010"]
[Site "Oberhof GER"]
[Date "2010.05.25"]
[Round "4"]
[White "Bauch, Florian"]
[Black "Alt, Elisabeth"]
[Result "0-1"]
[Termination "normal"]
[Board "34"]
[WhiteElo "1251"]
[BlackElo "1362"]
[PlyCount "50"]
[BlackFideId "24692620"]
[EventCountry "GER"]
[EventRounds "9"]
[EventType "swiss"]
[EventDate "2010.05.22"]

1. d4 d5 2. c4 Nc6 3. Nf3 Bg4 4. h3 Bxf3 5. exf3 e6 6. cxd5 Qxd5 7. Be3 O-O-O
8. Nc3 Bb4 9. Ke2 Nxd4+ 10. Bxd4 Qxd4 11. Qxd4 Rxd4 12. Nb5 Rd2+ 13. Ke3 a6 14.
a3 Rxb2 15. axb4 axb5 16. Bxb5 Kb8 17. Rhb1 Rxb1 18. Rxb1 Nf6 19. Kf4 Nd5+ 20.
Ke5 Nc3 21. Rc1 Nxb5 22. f4 Rd8 23. Rc2 Rd5+ 24. Ke4 Nd6+ 25. Ke3 Nf5+ 0-1

[Event "ODEM U25 2010"]
[Site "Oberhof GER"]
[Date "2010.05.25"]
[Round "5"]
[White "Isakson, Alex"]
[Black "Müller, Reinhold"]
[Result "0-1"]
[Termination "normal"]
[Board "1"]
[WhiteElo "1926"]
[BlackElo "2279"]
[PlyCount "48"]
[WhiteFideId "24637351"]
[BlackFideId "24605875"]
[EventCountry "GER"]
[EventRounds "9"]
[EventType "swiss"]
[EventDate "2010.05.22"]

1. e4 c5 2. c3 d5 3. exd5 Qxd5 4. d4 Nc6 5. Nf3 cxd4 6. cxd4 e6 7. Nc3 Bb4 8.
Bd3 Nf6 9. O-O Bxc3 10. bxc3 O-O 11. Bg5 b6 12. Qe2 Bb7 13. Rab1 Ne7 14. Rfe1
Ng6 15. Qc2 Rac8 16. h4 Qa5 17. Rb3 Bd5 18. c4 Bxf3 19. Bd2 Qh5 20. Bxg6 Qxg6
21. Qxg6 hxg6 22. Rxf3 Rxc4 23. Ra3 Rxd4 24. Be3 Rd7 0-1

[Event "ODEM U25 2010"]
[Site "Oberhof GER"]
[Date "2010.05.25"]
[Round "5"]
[White "Figura, Atila Gajo"]
[Black "Siebarth, Marco"]
[Result "1-0"]
[Termination "normal"]
[Board "2"]
[WhiteTitle "FM"]
[WhiteElo "2418"]
[BlackElo "2049"]
[PlyCount "67"]
[WhiteFideId "4688058"]
[BlackFideId "24604330"]
[EventCountry "GER"]
[EventRounds "9"]
[EventType "swiss"]
[EventDate "2010.05.22"]

1. Nf3 d5 2. c4 c6 3. e3 Nf6 4. Nc3 e6 5. b3 Be7 6. Bb2 Nbd7 7. Qc2 a6 8. g4
Nxg4 9. Rg1 Nge5 10. Nxe5 Nxe5 11. O-O-O Ng6 12. d4 Qc7 13. f4 Bd7 14. Kb1
O-O-O 15. Rc1 Kb8 16. Bd3 f5 17. c5 Bf6 18. b4 Ne7 19. a4 Nc8 20. Qb3 Na7 21.
Ba3 h6 22. Rg2 g5 23. b5 axb5 24. axb5 cxb5 25. Ra2 Bc6 26. Bb4 Nc8 27. Ba5 b6
28. cxb6 Qb7 29. Nxb5 Nd6 30. Nxd6 Rxd6 31. Bb4 Rd7 32. Ra7 Qxb6 33. Ra6 Rb7
34. Bd6+ 1-0

[Event "ODEM U25 2010"]
[Site "Oberhof GER"]
[Date "2010.05.25"]
[Round "5"]
[White "Wurm, Alexander"]
[Black "Huhnstock, Rico"]
[Result "1-0"]
[Termination "normal"]
[Board "3"]
[WhiteElo "2063"]
[BlackElo "1918"]
[PlyCount "71"]
[WhiteFideId "24637246"]
[BlackFideId "24642932"]
[EventCountry "GER"]
[EventRounds "9"]
[EventType "swiss"]
[EventDate "2010.05.22"]

1. e4 c5 2. Nf3 Nc6 3. d4 cxd4 4. Nxd4 e5 5. Nb5 d6 6. N1c3 a6 7. Na3 b5 8. Nd5
Nce7 9. c4 Nxd5 10. exd5 bxc4 11. Nxc4 Nf6 12. Be2 Bb7 13. Bg5 Be7 14. Bxf6
Bxf6 15. Qa4+ Ke7 16. Rd1 Rb8 17. O-O Qd7 18. Qa3 Rhd8 19. f4 exf4 20. Rxf4 Kf8
21. Qd3 Kg8 22. Rdf1 Qe7 23. Bd1 Be5 24. Rxf7 Qxf7 25. Rxf7 Kxf7 26. Nxe5+ dxe5
27. d6 e4 28. Bb3+ Kg6 29. Qg3+ Kf5 30. Qxg7 Rxd6 31. Qxh7+ Kf4 32. Qh4+ Kf5
33. g4+ Kg6 34. Qh5+ Kf6 35. Qf7+ Ke5 36. Qe7+ 1-0

[Event "ODEM U25 2010"]
[Site "Oberhof GER"]
[Date "2010.05.25"]
[Round "5"]
[White "Zentgraf, Robert"]
[Black "Simon, Christopher"]
[Result "1/2-1/2"]
[Termination "normal"]
[Board "4"]
[WhiteElo "2107"]
[BlackElo "1922"]
[PlyCount "72"]
[WhiteFideId "4676483"]
[BlackFideId "24618772"]
[EventCountry "GER"]
[EventRounds "9"]
[EventType "swiss"]
[EventDate "2010.05.22"]

1. c4 Nf6 2. Nf3 g6 3. Nc3 Bg7 4. g3 O-O 5. Bg2 d6 6. O-O c6 7. d4 Nbd7 8. b3
Qc7 9. Bb2 Nh5 10. Rc1 e5 11. d5 Rd8 12. dxc6 bxc6 13. e4 Rb8 14. Na4 Nb6 15.
Nxb6 axb6 16. Qd3 f5 17. Nh4 f4 18. Bf3 fxg3 19. hxg3 Nf6 20. Rfd1 Be6 21. Bg2
Rd7 22. Rc2 Rbd8 23. Nf3 h6 24. Nh4 Kh7 25. f4 Bg4 26. Rf1 Qa7 27. Qe3 Bh5 28.
Bh3 Re7 29. f5 g5 30. Ng6 Bxg6 31. fxg6+ Kxg6 32. Rcf2 Rf8 33. Bf5+ Kf7 34. Bh7
Ke6 35. Bf5+ Kf7 36. Bh7 Ke6 1/2-1/2

[Event "ODEM U25 2010"]
[Site "Oberhof GER"]
[Date "2010.05.25"]
[Round "5"]
[White "Remy, Janina"]
[Black "Seidler, Lukas"]
[Result "0-1"]
[Termination "normal"]
[Board "5"]
[WhiteElo "1989"]
[BlackElo "2089"]
[PlyCount "112"]
[WhiteFideId "24627348"]
[BlackFideId "12900095"]
[EventCountry "GER"]
[EventRounds "9"]
[EventType "swiss"]
[EventDate "2010.05.22"]

1. e4 c5 2. Nc3 a6 3. g3 b5 4. Bg2 Bb7 5. d3 e6 6. Nf3 Nf6 7. O-O d5 8. exd5
Nxd5 9. Nxd5 Bxd5 10. d4 c4 11. c3 Be7 12. Be3 O-O 13. Re1 Nd7 14. Ne5 Nxe5 15.
dxe5 Bxg2 16. Kxg2 Qc7 17. Bd4 Rfd8 18. Qf3 Rd5 19. a3 Rad8 20. Re2 Bc5 21.
Bxc5 Qxc5 22. Rae1 Rd3 23. Qb7 R3d7 24. Qe4 h6 25. Qe3 Qc6+ 26. Qe4 Qxe4+ 27.
Rxe4 Rd2 28. R4e2 Kf8 29. Kf1 Ke7 30. Rxd2 Rxd2 31. Re2 Rd1+ 32. Kg2 Kd7 33.
Kf3 Kc6 34. Kg4 Kb6 35. f4 g6 36. Kf3 Ka5 37. g4 Ka4 38. Ke4 Kb3 39. f5 gxf5+
40. gxf5 exf5+ 41. Kxf5 Rf1+ 42. Ke4 Rb1 43. Rf2 Rxb2 44. Rxf7 Rxh2 45. e6 Re2+
46. Kd5 Kxc3 47. e7 Kb2 48. Kd6 c3 49. Rf2 Rxf2 50. e8=Q Rd2+ 51. Kc5 c2 52.
Qe5+ Kb1 53. Qf5 Rf2 54. Qe4 Rf4 55. Qd3 Rc4+ 56. Kb6 Ka1 0-1

[Event "ODEM U25 2010"]
[Site "Oberhof GER"]
[Date "2010.05.25"]
[Round "5"]
[White "Zuferi, Enis"]
[Black "Lehmann, Ruben"]
[Result "0-1"]
[Termination "normal"]
[Board "6"]
[WhiteElo "1853"]
[BlackElo "1851"]
[PlyCount "64"]
[WhiteFideId "24692530"]
[BlackFideId "24671177"]
[EventCountry "GER"]
[EventRounds "9"]
[EventType "swiss"]
[EventDate "2010.05.22"]

1. d4 d5 2. c4 c6 3. Nc3 Nf6 4. Nf3 e6 5. Bg5 h6 6. Bh4 dxc4 7. e4 g5 8. Bg3 b5
9. e5 Nd5 10. h4 g4 11. Nd2 h5 12. Nde4 Nd7 13. f3 f5 14. exf6 N7xf6 15. Qd2
Nxe4 16. fxe4 Bh6 17. Qe2 Nb4 18. Qd1 Qxd4 19. Qxd4 Nc2+ 20. Kd1 Nxd4 21. Be5
O-O 22. Bxd4 Rd8 23. Nd5 cxd5 24. e5 Rf8 25. b3 Bd7 26. a4 a6 27. Rb1 Rab8 28.
Ba7 Rb7 29. Bc5 Rc8 30. b4 bxa4 31. Kc2 Be8 32. Kc3 Rxc5 0-1

[Event "ODEM U25 2010"]
[Site "Oberhof GER"]
[Date "2010.05.25"]
[Round "5"]
[White "Weber, Max"]
[Black "Magnussen, Helge"]
[Result "1/2-1/2"]
[Termination "normal"]
[Board "7"]
[WhiteElo "1888"]
[BlackElo "2063"]
[PlyCount "26"]
[WhiteFideId "4624831"]
[BlackFideId "24632651"]
[EventCountry "GER"]
[EventRounds "9"]
[EventType "swiss"]
[EventDate "2010.05.22"]

1. d4 Nf6 2. c4 e6 3. g3 d5 4. Nf3 Be7 5. Bg2 O-O 6. O-O Nbd7 7. Qc2 c5 8. cxd5
exd5 9. Rd1 b6 10. Nc3 Bb7 11. Bf4 Rc8 12. Rac1 Nh5 13. Be3 c4 1/2-1/2

[Event "ODEM U25 2010"]
[Site "Oberhof GER"]
[Date "2010.05.25"]
[Round "5"]
[White "Meiser, Michael"]
[Black "Künstler, Christian"]
[Result "0-1"]
[Termination "normal"]
[Board "8"]
[WhiteElo "1967"]
[BlackElo "2005"]
[PlyCount "116"]
[WhiteFideId "24659762"]
[BlackFideId "24602361"]
[EventCountry "GER"]
[EventRounds "9"]
[EventType "swiss"]
[EventDate "2010.05.22"]

1. e4 e6 2. d4 d5 3. Nd2 Be7 4. Ngf3 Nf6 5. e5 Nfd7 6. Bd3 c5 7. c3 b6 8. Qe2
a5 9. O-O Ba6 10. Re1 Bxd3 11. Qxd3 Nc6 12. c4 O-O 13. a3 Rc8 14. cxd5 exd5 15.
Nf1 cxd4 16. Bf4 Nc5 17. Qf5 Ne6 18. Qg4 Kh8 19. Rad1 b5 20. Rd3 Nc5 21. Rdd1
Ne6 22. Rd3 b4 23. N3d2 Bg5 24. Bxg5 Qxg5 25. Qxg5 Nxg5 26. Nb3 bxa3 27. bxa3
Ne6 28. Nfd2 a4 29. Nc1 Nxe5 30. Rxe5 Rxc1+ 31. Nf1 Rb8 32. f4 Rc3 33. Rd1 Nxf4
34. Rxd4 Ne6 35. Rxa4 d4 36. Ra7 Kg8 37. Rf5 Rc7 38. Rxc7 Nxc7 39. Kf2 Ra8 40.
Rf3 Nb5 41. Rb3 Nxa3 42. Nd2 Nc2 43. Nf3 Rd8 44. Ke2 Ne3 45. g3 Nf5 46. Rd3 h5
47. Rb3 g6 48. Kd3 Re8 49. Nxd4 Rd8 50. Rb4 Kg7 51. Ke4 Rxd4+ 52. Rxd4 Nxd4 53.
Kxd4 Kf6 54. Ke4 Kg5 55. h3 f5+ 56. Kf3 h4 57. g4 fxg4+ 58. hxg4 Kf6 0-1

[Event "ODEM U25 2010"]
[Site "Oberhof GER"]
[Date "2010.05.25"]
[Round "5"]
[White "Bulygin, Anton"]
[Black "Valet, Alexander"]
[Result "1-0"]
[Termination "normal"]
[Board "9"]
[WhiteElo "2051"]
[BlackElo "1901"]
[PlyCount "93"]
[WhiteFideId "24143022"]
[BlackFideId "24682560"]
[EventCountry "GER"]
[EventRounds "9"]
[EventType "swiss"]
[EventDate "2010.05.22"]

1. c4 c5 2. Nc3 Nc6 3. g3 g6 4. Bg2 Bg7 5. e4 d6 6. Nge2 Nf6 7. h3 O-O 8. O-O
Bd7 9. d3 a6 10. f4 Rb8 11. a4 Nb4 12. g4 b5 13. axb5 axb5 14. f5 bxc4 15. dxc4
Nc6 16. Nf4 Ne5 17. Qe2 Rb4 18. g5 Ne8 19. Nfd5 Rb8 20. f6 exf6 21. gxf6 Nxf6
22. Bg5 Be6 23. Nxf6+ Bxf6 24. Bxf6 Bxc4 25. Qd2 Bxf1 26. Bxd8 Bxg2 27. Qxg2
Rfxd8 28. Nd5 Nd3 29. Qc2 Nb4 30. Qc3 Nxd5 31. exd5 Rb4 32. Qf6 Rdb8 33. Rf1
R8b7 34. Qd8+ Kg7 35. Qxd6 Rxb2 36. Qxc5 R2b5 37. Qc3+ Kg8 38. d6 Rb8 39. d7
Rf8 40. Rd1 Rbb8 41. Qc7 Rbd8 42. Kf2 Kg7 43. Kf3 f6 44. Re1 Kf7 45. Qd6 Kg8
46. Re7 Kh8 47. Qe6 1-0

[Event "ODEM U25 2010"]
[Site "Oberhof GER"]
[Date "2010.05.25"]
[Round "5"]
[White "Siegl, Pascal"]
[Black "Feller, Florian"]
[Result "0-1"]
[Termination "normal"]
[Board "10"]
[WhiteElo "1595"]
[BlackElo "1933"]
[PlyCount "58"]
[WhiteFideId "24657069"]
[BlackFideId "4640896"]
[EventCountry "GER"]
[EventRounds "9"]
[EventType "swiss"]
[EventDate "2010.05.22"]

1. e4 c5 2. f4 e6 3. Nf3 g6 4. Nc3 Bg7 5. b3 Ne7 6. Bb2 Nbc6 7. Na4 Bxb2 8.
Nxb2 d6 9. d4 cxd4 10. Nxd4 Qa5+ 11. Qd2 Qxd2+ 12. Kxd2 Nxd4 13. c3 Ndc6 14.
Nc4 O-O 15. Kc2 d5 16. exd5 exd5 17. Ne3 d4 18. cxd4 Nxd4+ 19. Kb2 Be6 20. Rd1
Rfd8 21. Bc4 b5 22. Bd3 a5 23. Rd2 a4 24. bxa4 Rxa4 25. a3 b4 26. Ra1 bxa3+ 27.
Kc3 Nb3 28. Bc2 Rxd2 29. Bxb3 Rad4 0-1

[Event "ODEM U25 2010"]
[Site "Oberhof GER"]
[Date "2010.05.25"]
[Round "5"]
[White "Adelhütte, Dennis"]
[Black "Baier, Christoph"]
[Result "1/2-1/2"]
[Termination "normal"]
[Board "11"]
[WhiteElo "1923"]
[BlackElo "1841"]
[PlyCount "102"]
[WhiteFideId "4661265"]
[BlackFideId "24655759"]
[EventCountry "GER"]
[EventRounds "9"]
[EventType "swiss"]
[EventDate "2010.05.22"]

1. e4 d5 2. exd5 Nf6 3. Bc4 Nxd5 4. Nc3 Nb6 5. Bb3 Nc6 6. Nf3 Bf5 7. d3 e6 8.
O-O Bd6 9. Be3 Qd7 10. Ne4 Nd5 11. Bxd5 exd5 12. Nc5 Bxc5 13. Bxc5 O-O-O 14.
Qd2 f6 15. b4 b6 16. Bd4 Nxd4 17. Nxd4 g5 18. b5 Kb7 19. a4 h5 20. Nc6 Ra8 21.
Qb4 a5 22. Qd4 Qd6 23. Rfe1 Rhe8 24. Qc3 Bd7 25. Nd4 Rxe1+ 26. Rxe1 Re8 27.
Rxe8 Bxe8 28. g3 Qe5 29. Kf1 Bd7 30. Ne2 Qxc3 31. Nxc3 c6 32. bxc6+ Bxc6 33. d4
Kc7 34. Ke2 Kd6 35. Kf3 Bd7 36. Ke3 Bf5 37. Nb5+ Kc6 38. Kd2 Kd7 39. Kc3 Bh3
40. Kd2 Bf1 41. Nc3 Bc4 42. Ke3 Kc6 43. h4 b5 44. hxg5 fxg5 45. axb5+ Bxb5 46.
f4 gxf4+ 47. Kxf4 a4 48. Nb1 Be2 49. c3 Kd6 50. Ke3 Bd1 51. Kf4 Be2 1/2-1/2

[Event "ODEM U25 2010"]
[Site "Oberhof GER"]
[Date "2010.05.25"]
[Round "5"]
[White "Gölz, Daniel"]
[Black "Veit, Björn"]
[Result "1/2-1/2"]
[Termination "normal"]
[Board "12"]
[WhiteElo "2095"]
[BlackElo "1742"]
[PlyCount "89"]
[WhiteFideId "24626325"]
[BlackFideId "24600717"]
[EventCountry "GER"]
[EventRounds "9"]
[EventType "swiss"]
[EventDate "2010.05.22"]

1. e4 d5 2. exd5 Qxd5 3. Nc3 Qa5 4. g3 Nf6 5. Bg2 c6 6. Nge2 Bf5 7. O-O e6 8.
d3 Bd6 9. h3 h5 10. Ne4 Qc7 11. Nd4 Bg6 12. Nb5 cxb5 13. Nxd6+ Qxd6 14. Bxb7
Bf5 15. h4 Nc6 16. Bxa8 Bg4 17. Qd2 Bh3 18. Qc3 Nd4 19. Re1 O-O 20. Bh1 e5 21.
Be3 Rc8 22. Qa5 Nxc2 23. Qxb5 Nxa1 24. Rxa1 Rb8 25. Qc4 Rxb2 26. Qc3 Qb8 27.
Qc1 a6 28. a4 Bf5 29. Qc4 Rb1+ 30. Rxb1 Qxb1+ 31. Qc1 Qxc1+ 32. Bxc1 Bxd3 33.
Bc6 Be4 34. Bxe4 Nxe4 35. a5 Nc5 36. Ba3 Nb3 37. Bb4 e4 38. Kf1 Nd4 39. Bc3 Nc6
40. Ke2 f5 41. f3 exf3+ 42. Kxf3 Kf7 43. Kf4 g6 44. Kg5 Nd8 45. Be5 1/2-1/2

[Event "ODEM U25 2010"]
[Site "Oberhof GER"]
[Date "2010.05.25"]
[Round "5"]
[White "Hartzendorf, Jonathan"]
[Black "Hundt, Fabian"]
[Result "0-1"]
[Termination "normal"]
[Board "13"]
[WhiteElo "1671"]
[BlackElo "1948"]
[PlyCount "96"]
[WhiteFideId "24660990"]
[BlackFideId "4645294"]
[EventCountry "GER"]
[EventRounds "9"]
[EventType "swiss"]
[EventDate "2010.05.22"]

1. c4 c5 2. Nc3 Nc6 3. Nf3 e5 4. d3 g6 5. g3 Bg7 6. Bg2 Nge7 7. O-O d6 8. Ne1
O-O 9. Nc2 f5 10. Ne3 Be6 11. Ned5 Qd7 12. Re1 f4 13. gxf4 Bh3 14. e4 Rf7 15.
Qf3 Bg4 16. Qg3 Nxd5 17. cxd5 Nd4 18. Rb1 Raf8 19. f3 Bh5 20. Ne2 Nxe2+ 21.
Rxe2 exf4 22. Qh4 Qb5 23. Rd2 Bd4+ 24. Kh1 Be3 25. Rd1 Qa4 26. Qe1 Qxa2 27.
Bxe3 fxe3 28. Qxe3 Bxf3 29. Bxf3 Rxf3 30. Qg5 Rxd3 31. Rg1 Qc4 32. Rbe1 Qd4 33.
Qg4 Qf6 34. Rgf1 Rf3 35. Rxf3 Qxf3+ 36. Qxf3 Rxf3 37. e5 dxe5 38. Rxe5 Rd3 39.
Re8+ Kf7 40. Rb8 Rd1+ 41. Kg2 Rd2+ 42. Kg3 Rxb2 43. Rc8 Ke7 44. Rh8 a5 45.
Rxh7+ Kd6 46. Rg7 a4 47. Rxg6+ Kxd5 48. Rg8 Rb6 0-1

[Event "ODEM U25 2010"]
[Site "Oberhof GER"]
[Date "2010.05.25"]
[Round "5"]
[White "Arps, Jan-Philipp"]
[Black "Celmer, Ole"]
[Result "1/2-1/2"]
[Termination "normal"]
[Board "14"]
[WhiteElo "2013"]
[BlackElo "1671"]
[PlyCount "46"]
[WhiteFideId "24645680"]
[BlackFideId "24657107"]
[EventCountry "GER"]
[EventRounds "9"]
[EventType "swiss"]
[EventDate "2010.05.22"]

1. e4 e5 2. Nf3 Nc6 3. d4 exd4 4. Bc4 Nf6 5. e5 d5 6. Bb5 Ne4 7. Nxd4 Bd7 8.
Bxc6 bxc6 9. c3 Be7 10. O-O O-O 11. f3 Nc5 12. Be3 Re8 13. f4 Ne4 14. Nd2 Nxd2
15. Qxd2 Bf8 16. Qf2 a6 17. Qg3 f6 18. f5 Rxe5 19. Bf4 Re8 20. Rf3 Qe7 21. Qh4
c5 22. Re3 Qf7 23. Rh3 h5 1/2-1/2

[Event "ODEM U25 2010"]
[Site "Oberhof GER"]
[Date "2010.05.25"]
[Round "5"]
[White "Arsen, Abrahamyan"]
[Black "Carow, Annelen"]
[Result "1/2-1/2"]
[Termination "normal"]
[Board "16"]
[WhiteElo "1664"]
[BlackElo "1773"]
[PlyCount "117"]
[BlackFideId "24692492"]
[EventCountry "GER"]
[EventRounds "9"]
[EventType "swiss"]
[EventDate "2010.05.22"]

1. e4 e5 2. Nf3 Nc6 3. Bb5 Nd4 4. Nxd4 exd4 5. O-O Bc5 6. Bc4 d6 7. d3 Ne7 8.
Bg5 h6 9. Bh4 g5 10. Bg3 Be6 11. Bxe6 fxe6 12. Qh5+ Kd7 13. Nd2 Qe8 14. Qxe8+
Raxe8 15. Nb3 Bb6 16. e5 Nf5 17. exd6 cxd6 18. Rae1 Rhf8 19. Rd1 h5 20. h3 Rf7
21. Nd2 d5 22. Nf3 Nxg3 23. fxg3 Rg7 24. Rde1 Bc7 25. Ne5+ Bxe5 26. Rxe5 Kd6
27. Rfe1 Rg6 28. R5e2 e5 29. Rf1 e4 30. Rf7 Kc6 31. dxe4 dxe4 32. Rh7 e3 33.
Rxh5 Rf8 34. g4 Rgf6 35. Rxg5 Rf1+ 36. Kh2 R8f2 37. Rxf2 Rxf2 38. Re5 Kd6 39.
Re8 Rxc2 40. g5 Rc7 41. h4 Re7 42. Rxe7 Kxe7 43. Kg3 e2 44. Kf2 d3 45. Ke1 Ke6
46. g4 Ke5 47. g6 Kf6 48. h5 b6 49. b4 a5 50. bxa5 bxa5 51. a4 Kg7 52. g5 Kg8
53. h6 Kh8 54. Kd2 Kg8 55. g7 Kh7 56. g6+ Kg8 57. Ke1 d2+ 58. Kxe2 d1=Q+ 59.
Kxd1 1/2-1/2

[Event "ODEM U25 2010"]
[Site "Oberhof GER"]
[Date "2010.05.25"]
[Round "5"]
[White "Bingert, Tim Niklas"]
[Black "Ehlers, Michael"]
[Result "0-1"]
[Termination "normal"]
[Board "17"]
[WhiteElo "1411"]
[BlackElo "1958"]
[PlyCount "86"]
[WhiteFideId "12917907"]
[BlackFideId "4674537"]
[EventCountry "GER"]
[EventRounds "9"]
[EventType "swiss"]
[EventDate "2010.05.22"]

1. e4 c5 2. Nf3 a6 3. d4 cxd4 4. Nxd4 Nf6 5. Nc3 e5 6. Nb3 Bb4 7. Bd2 d5 8.
exd5 Nxd5 9. Nxd5 Qxd5 10. Bxb4 Qe4+ 11. Qe2 Qxb4+ 12. Qd2 Nc6 13. O-O-O Qxd2+
14. Rxd2 Bf5 15. Bd3 Bxd3 16. Rxd3 Ke7 17. Re1 f6 18. f4 Rhd8 19. Rde3 Rd5 20.
Nd2 Kf7 21. fxe5 Nxe5 22. Nf3 Nc6 23. a3 a5 24. R3e2 Rad8 25. Rd2 Rxd2 26. Nxd2
Ne5 27. Re2 Rd5 28. Ne4 h6 29. Rd2 Ke6 30. Nf2 f5 31. Kd1 g5 32. b3 b5 33. Ke2
b4 34. a4 f4 35. h3 Ng6 36. Ne4 Nh4 37. g4 Ke5 38. Rxd5+ Kxd5 39. Kd3 Nf3 40.
Nf2 Ne5+ 41. Ke2 Kd4 42. Kd2 Nd7 43. Nd1 Nc5 0-1

[Event "ODEM U25 2010"]
[Site "Oberhof GER"]
[Date "2010.05.25"]
[Round "5"]
[White "Eigemann, Julian"]
[Black "Twerskoi, David"]
[Result "1-0"]
[Termination "normal"]
[Board "18"]
[WhiteElo "1841"]
[BlackElo "1632"]
[PlyCount "161"]
[WhiteFideId "24666599"]
[EventCountry "GER"]
[EventRounds "9"]
[EventType "swiss"]
[EventDate "2010.05.22"]

1. e4 e5 2. f4 d6 3. Nf3 Nd7 4. Bc4 Be7 5. O-O Ngf6 6. Bxf7+ Kxf7 7. Ng5+ Kg8
8. Ne6 Qe8 9. Nxc7 Qd8 10. Nxa8 Nc5 11. d3 Bg4 12. Qe1 Qxa8 13. fxe5 dxe5 14.
Qg3 h5 15. Qxe5 Qd8 16. Bg5 Qb6 17. Kh1 Be6 18. Be3 Ng4 19. Qd4 Bf6 20. Rxf6
gxf6 21. Qxc5 Nxe3 22. Qxb6 axb6 23. Na3 Ng4 24. Rf1 Kg7 25. d4 h4 26. h3 Nh6
27. d5 Bd7 28. Rf4 Nf7 29. Nc4 b5 30. Ne3 Re8 31. Rxh4 Ng5 32. Nf5+ Bxf5 33.
exf5 Re1+ 34. Kh2 Rd1 35. Rb4 Rxd5 36. g4 Rd2+ 37. Kg3 Rxc2 38. h4 Nf7 39. Rxb5
Nd6 40. Rd5 Ne4+ 41. Kf4 Nc5 42. b4 Rc4+ 43. Kf3 Rc3+ 44. Ke2 Na6 45. Rd7+ Kf8
46. Rxb7 Rc2+ 47. Kf3 Rxa2 48. g5 fxg5 49. hxg5 Ra3+ 50. Kg4 Ra4 51. Kh5 Rxb4
52. Ra7 Nc5 53. Ra8+ Kf7 54. g6+ Kg7 55. Rc8 Nd7 56. Rc7 Rd4 57. Ra7 Kg8 58.
Kh6 Rd1 59. Ra5 Nf8 60. Kg5 Rg1+ 61. Kf6 Rg2 62. Ra7 Nxg6 63. Rg7+ Kh8 64. Rxg6
Re2 65. Kf7 Kh7 66. Rg3 Rh2 67. f6 Rh1 68. Kf8 Ra1 69. Rg7+ Kh6 70. Re7 Ra8+
71. Re8 Ra7 72. f7 Kg6 73. Re6+ Kh7 74. Re4 Ra8+ 75. Ke7 Ra7+ 76. Kf6 Ra6+ 77.
Re6 Ra8 78. Re8 Ra6+ 79. Ke5 Ra5+ 80. Kd4 Ra4+ 81. Kc3 1-0